| 000 | 00664nam a2200241Ia 4500 | ||
|---|---|---|---|
| 003 | OSt | ||
| 005 | 20221007110215.0 | ||
| 006 | a|||||r|||| 00| 0 | ||
| 007 | ta | ||
| 008 | 221006b |||||||| |||| 00| 0 eng d | ||
| 024 | _a20,604 | ||
| 037 | _cTextual | ||
| 040 |
_aLCO _cLCO _beng |
||
| 041 |
_2eng _aeng |
||
| 082 | _aZ1,218,5, L4 | ||
| 100 |
_aJoyner Nancy Douglas _9686356 |
||
| 245 | 0 | _aAerial Hijacking as an International Crime | |
| 260 |
_aNew _byork Oceana Publication USA _c1974 |
||
| 300 | _a344 | ||
| 650 |
_aAERIAL HIJACKING _9707220 |
||
| 942 |
_hZ1,218,5, L4 _cTEXL |
||
| 999 |
_c1190167 _d1190167 |
||